Datum a čas kvízu
31.5
Celkem bodů
Celkový počet nahraných bodů na tomto kvízu bez doplňovacích otázek.
5.
Pořadí na kvízu
Konečné umístění týmu na tomto kvízu.
Zaznamenané odpovědi
| # | Otázka | Odpověď | Body | Výsledky |
|---|---|---|---|---|
| 1. | Prezident Petr Pavel při návšt... | v Chile | 1 | |
| 2. | Obyvatelé Kirkwallu na skotské... | B | 1 | |
| 3. | Na festivalu CinemaCon bylo oz... | Jamie Dornan | 0 | |
| 4. | Britský výrobce nejluxusnějšíc... | Nightingale (slavík) | 1 | |
| 5. | Které české tenistce hrozí až... | Markétě Vondroušové | 1 | |
| 6. | Vítězné téma FB hlasování zahá... | Luděk Marold, bitva u Lipan | 1 | |
| 7. | Přiřaďte jednotlivá města k je... | 1B 2D 3A 4C | 1 | |
| 8. | „Co až budeme nahoře, to teprv... | Homolka a tobolka; Marie Motlová | 1 | |
| 9. | Panorama je služba webové strá... | Dlouhé stráně | 1 | |
| 10. | Na závěr si dáme noční pohled... | Řím | 1 |